000
002720000a22001090004500
090
_a
AR
_b
04759
100
1
_a
Whitham, Thomas G.
_9
98911
245
1
0
_a
Plant hybrid zones as sinks for pests
041
0
_a
Inglés
942
_c
ARTICULO
773
1
_t
Science
_q
1490-1493
_d
1989
_g
244
999
_c
13859
_d
13859